| 000 | 00663nam a22001817a 4500 | ||
|---|---|---|---|
| 008 | 150330b xxu||||| |||| 00| 0 eng d | ||
| 020 | _a0813200970 | ||
| 050 | _aBR60.A62.F3 V97 | ||
| 100 |
_aOrigen _916781 |
||
| 245 |
_aHomilies on Jeremiah homily on 1 kings 28 _cOrigen |
||
| 260 |
_aWashington D.C. _bThe Catholic university Press _c1998 |
||
| 300 |
_axxi,358p. ; _c22cm. |
||
| 440 |
_aThe Fathers of the church _nno.97 _916782 |
||
| 650 |
_aBible O.T. Jeremiah _xSermons _xEarly works to 1800 _916783 |
||
| 650 |
_aBible O.T. Kings, 1st xxxviii _xsermons _xearly works to 1800 _916784 |
||
| 700 |
_aSmith, John C. (trans.) _916785 |
||
| 942 |
_2lcc _cMONOGRAPH |
||
| 999 |
_c122550 _d122550 |
||